Institutiones philosophicae Matthei Liberatore Societais Iesu ad triennium accomodatae. (Record no. 157695)

MARC details
000 -LEADER
campo de control de longitud fija 00780nam a2200193 i 4500
001 - NÚMERO DE CONTROL
campo de control 157695
003 - IDENTIFICADOR DE NÚMERO DE CONTROL
campo de control ES-MaACL
005 - FECHA Y HORA DE LA ÚLTIMA TRANSACCIÓN
campo de control 20251218063014.0
008 - DATOS DE LONGITUD FIJA--INFORMACIÓN GENERAL
campo de control de longitud fija 040812m18601861it |||| | lat d
100 1# - ENTRADA PRINCIPAL--NOMBRE DE PERSONA
Nombre de persona Liberatore, Matteo,
Fechas asociadas al nombre 1810-1892
9 (RLIN) 156482
245 10 - MENCIÓN DEL TÍTULO
Título Institutiones philosophicae Matthei Liberatore Societais Iesu ad triennium accomodatae.
260 ## - PUBLICACIÓN, DISTRIBUCIÓN, ETC.
Lugar de publicación, distribución, etc. Romae :
Nombre del editor, distribuidor, etc. Typis Civilitatis Catholicae,
Fecha de publicación, distribución, etc. 1860-1861.
300 ## - DESCRIPCIÓN FÍSICA
Extensión 3 v. ;
Dimensiones 22 cm.
505 8# - NOTA DE CONTENIDO CON FORMATO
Nota de contenido con formato Contiene: T.I, 1860: Logica (VIII, 311 p.) - T.II, 1861: Metaphysica generalis et cosmologia (344 p.) - T.III, 1861: Psychologia et theologia naturalis (390 p.)
650 #7 - PUNTO DE ACCESO ADICIONAL DE MATERIA--TÉRMINO DE MATERIA
Término de materia o nombre geográfico como elemento de entrada Filosofía
Fuente del encabezamiento o término embne
9 (RLIN) 12802
752 ## - ENTRADA AGREGADA--NOMBRE JERÁRQUICO DEL LUGAR
País o entidad superior Italia -
Ciudad Roma
852 ## - LOCALIZACIÓN
Ubicación ES-MaACL
Número de control de estantería G-11918-20
Nota libre - Enc. hol.
Holdings
Estatus retirado Estado de pérdida Estado de daño No para préstamo Colección Biblioteca de origen Biblioteca actual Ubicación en estantería Fecha de adquisición Total de préstamos Signatura topográfica completa Código de barras Visto por última vez Precio de reemplazo Tipo de ítem Koha
        Libros del s. XIX Biblioteca del Ateneo de Madrid Biblioteca del Ateneo de Madrid Sala Pecera Planta 3 17/01/2008   G-11918-20 1165024 23/02/2023 23/02/2023 Libro impreso antiguo